00421cam a2200157ua 45000010005000000080039000050400009000440820011000531000032000642450055000962500009001512600038001603000017001986530014002156530034002292325110806n ii |||gr||||Z||||||eng cMAIN a370.54 aSaikia, Sidheswar,eAuthor.1 aHistory of education in indiacby Sidheswar Saikia a3rd. aGuahati:bMani manik Prakash,971. a195p:c23cm. aEducation aHistory of education in india